The ledgers of merit and demerit : social change and moral order in late imperial China /

Bibliographic Details
Main Author: Brokaw, Cynthia Joanne
Format: Book
Language:English
Published: Princeton, N.J. : Princeton University Press, [1991]
Subjects:

MARC

Tag First Indicator Second Indicator Subfields
LEADER 00000cam a2200000 a 4500
001 in00001005913
005 20150928091400.0
008 900823s1991 nju b 00110 eng
010 |a  90009059  
020 |a 0691055432 (alk. paper) :  |c $42.50 
035 |a (OCoLC)22346551 
035 |9 AFE3296AM 
040 |a DLC  |c DLC  |d UtOrBLW 
049 |a TXAM 
050 0 0 |a BJ117  |b .B76 1991 
082 0 0 |a 170/.951/09031  |2 20 
100 1 |a Brokaw, Cynthia Joanne. 
245 1 4 |a The ledgers of merit and demerit :  |b social change and moral order in late imperial China /  |c Cynthia J. Brokaw. 
264 1 |a Princeton, N.J. :  |b Princeton University Press,  |c [1991] 
264 4 |c ©1991 
300 |a x, 287 pages ;  |c 25 cm. 
336 |a text  |b txt  |2 rdacontent 
337 |a unmediated  |b n  |2 rdamedia 
338 |a volume  |b nc  |2 rdacarrier 
500 |a Revision of the author's thesis (Ph. D.)--Harvard University, 1984. 
504 |a Includes bibliographical references (pages [261]-275) and index. 
650 0 |a Ethics  |z China  |x History  |y 16th century. 
650 0 |a Ethics  |z China  |x History  |y 17th century. 
650 0 |a Moral education  |z China  |x History. 
651 0 |a China  |x Social conditions  |y 960-1644. 
650 0 |a Merit (Ethics) 
999 |a MARS 
999 f f |s f1a63825-a596-3e6a-ba8c-c8d66a630b0f  |i ded549f7-598a-314b-a584-bcccb604d8cc  |t 0 
952 f f |p ric  |a Texas A&M University  |b Rellis Campus  |c Joint Library Facility  |d Remote Storage  |t 0  |e BJ117 .B76 1991  |h Library of Congress classification  |i unmediated -- volume  |m A14814422839 
998 f f |a BJ117 .B76 1991  |t 0  |l Remote Storage